Demokratie und politische Repräsentation in Europa
| Titel: | Demokratie und politische Repräsentation in Europa |
|---|---|
| Verfasser: | |
| In: |
Neue politische Literatur, Band 57, Heft 1 (2012), Seite 132-133 alle Artikel anzeigen |
| Veröffentlicht: | 2012 |
| Format: | Aufsatz |
| Sprache: | Deutsch |
X
alg: 39500134
001A $01999:12-11-16
001B $01999:01-06-17 $t18:15:14.000
001C $06050:19-11-16 $t08:31:57.000
001D $01999:12-11-16
001U $0utf8
001X $00
002@ $0Aox
003@ $039500134X
007A $039500134X $aHEB
007T $0Herdc0081745m
010@ $ager
011@ $a2012
021A $aDemokratie und politische Repräsentation in Europa
028A $aKubbe $dIna
031A $d57 $e1 $h132-133 $j2012
039B $aIn $8--Abvc--. Neue politische Literatur. - Wiesbaden : Springer VS, 1956-. - ISSN 0028-3320 $x201200000570001868 $9046846980
039T $8--Aau--. Demokratiekultur in Europa. - Köln {[u.a.] : Böhlau, 2011. - 304 S.. - Ill., graph. Darst.. - ISBN 978-3-412-20713-7 $9277947340
045T $a3,6
lok: 39500134 78
exp: 39500134 78 1 #EPN
201B/01 $018-11-16 $t13:23:48.000
201U/01 $0utf8
203@/01 $0791299961
208@/01 $a12-11-16 $be
209A/01 $a/ $f000 $x00
220C/01 $aTitelaufnehmer: kk
220C/01 $aHerkunft: HI Marburg
244Z/01 $2Trx $#arvustused $#recenzijos $#Reviews $#recenziók $#recenzje $#recenzie $#recenze $8--Trx--Rezensionen $x01 $9391357441
247C/01 $82080>Marburg/Lahn, Herder-Institut, Forschungsbibliothek, Bibliographieportal $9336309341
| LEADER | 00000caa a22000002c 4500 | ||
|---|---|---|---|
| 001 | 39500134X | ||
| 003 | DE-603 | ||
| 005 | 20170601181514.0 | ||
| 007 | tu | ||
| 008 | 161112s2012 xx |||| | u00||u|ger c | ||
| 035 | |a (DE-599)HEB39500134X | ||
| 040 | |a DE-603 |b ger |c DE-603 |d DE-603 | ||
| 041 | |a ger | ||
| 084 | |a 3,6 |2 ssgn | ||
| 100 | 1 | |a Kubbe, Ina | |
| 245 | 0 | 0 | |a Demokratie und politische Repräsentation in Europa |
| 264 | 0 | |c 2012 | |
| 773 | 0 | 8 | |i In |t Neue politische Literatur |d Wiesbaden : Springer VS, 1956- |x 0028-3320 |g Band 57, Heft 1 (2012), Seite 132-133 |w (DE-603)046846980 |w (DE-600)3402-2 |
| 787 | 0 | 8 | |i Rezension von |t Demokratiekultur in Europa |d Köln [u.a.] : Böhlau, 2011 |h 304 S., Ill., graph. Darst. |z 9783412207137 |w (DE-603)277947340 |
| 924 | 0 | |9 2080 |a (DE-603)791299961 |b DE-2080 |c HES |d d |g / | |


